Insomnio. Relatos, angustias y desvaríos
Zapisane w:
| 1. autor: | |
|---|---|
| Kolejni autorzy: | |
| Format: | Książka |
| Wydane: |
[Chile]:
Nueva Carpeta Ediciones,
2024.
|
| Wydanie: | Primera edición. |
| Hasła przedmiotowe: | |
| Etykiety: |
Dodaj etykietę
Nie ma etykietki, Dołącz pierwszą etykiete!
|
MARC
| LEADER | 00000nam a22000007a 4500 | ||
|---|---|---|---|
| 003 | CL-VaPUC | ||
| 005 | 20240503132648.0 | ||
| 008 | 240417t2024 ||||| |||| 00| 0 eng d | ||
| 999 | |c 443531 |d 443529 | ||
| 040 | |c Pontificia Universidad Católica de Valparaíso | ||
| 082 | 0 | 4 | |2 22 |a Ch861 MEN 2024 |
| 100 | 1 | |a Mena Gutiérrez, Sergio |e autor |9 888409 | |
| 245 | 1 | 0 | |a Insomnio. |b Relatos, angustias y desvaríos |
| 250 | |a Primera edición. | ||
| 260 | |a [Chile]: |b Nueva Carpeta Ediciones, |c 2024. | ||
| 300 | |a 81 páginas. | ||
| 500 | |a c.1-5. Compra Instituto de Filosofía. MEM EDU/02 15-4-2024 | ||
| 583 | |c 20240417 |k GC | ||
| 650 | 1 | |a Poesías chilenas |9 265280 | |
| 700 | |a Espinoza Lolas, Ricardo |e prefacio |9 888609 | ||
| 942 | |2 ddc |c BK | ||
| 952 | |0 0 |1 0 |2 ddc |4 0 |6 CH_861_000000000000000_MEN_2024 |7 0 |8 A |9 594123 |a BIBEDU |b BIBEDU |d 2024-04-17 |i 5660762 |o Ch861 MEN 2024 |p 5660762 |r 2024-04-17 |t 1 |w 2024-04-17 |y BK |k FIL | ||
| 952 | |0 0 |1 0 |2 ddc |4 0 |6 CH_861_000000000000000_MEN_2024 |7 0 |8 A |9 594124 |a BIBEDU |b BIBEDU |d 2024-04-17 |i 5660763 |o Ch861 MEN 2024 |p 5660763 |r 2024-04-17 |t 2 |w 2024-04-17 |y BK |k FIL | ||
| 952 | |0 0 |1 0 |2 ddc |4 0 |6 CH_861_000000000000000_MEN_2024 |7 0 |8 A |9 594125 |a BIBEDU |b BIBEDU |d 2024-04-17 |i 5660764 |o Ch861 MEN 2024 |p 5660764 |r 2024-04-17 |t 3 |w 2024-04-17 |y BK |k FIL | ||
| 952 | |0 0 |1 0 |2 ddc |4 0 |6 CH_861_000000000000000_MEN_2024 |7 0 |8 A |9 594126 |a BIBEDU |b BIBEDU |d 2024-04-17 |i 5660765 |l 1 |o Ch861 MEN 2024 |p 5660765 |r 2024-05-27 |s 2024-05-16 |t 4 |w 2024-04-17 |y BK |k FIL | ||
| 952 | |0 0 |1 0 |2 ddc |4 0 |6 CH_861_000000000000000_MEN_2024 |7 0 |8 A |9 594127 |a BIBEDU |b BIBEDU |d 2024-04-17 |i 5660766 |l 1 |o Ch861 MEN 2024 |p 5660766 |r 2024-06-24 |s 2024-06-17 |t 5 |w 2024-04-17 |y BK |k FIL | ||